000 00822nam a22002537a 4500
005 20170123162302.0
010 _aB-209250
020 _c100.00
_a8187231726
035 _aB-209250
037 _bCen Lib/Ret
040 _aDPL
_bUR
082 _a841
_bش ا د
100 _aشاد، بشن دیال
_9141887
245 _a/ متاعِ شاد
_c بشن دیال شاد
246 _aMata-e-shaad /
_bby Bishan Dyal Shaad
260 _aدہلی
_bتخلیق کار پبلشرز
_c2006
270 _aیاور منزل, ای بلاک, لکشمی نگر
_bدہلی
_e110092
300 _a143p.
_c22cm(Hb)
650 _aاردو ادب
_x
_z
_9141888
650 _aاردو شاعری
_v
_9141889
650 _aUrdu adab
_9141890
650 _aUrdu shayari
_9141891
942 _2ddc
_cUR
_h841
_mش ا د
999 _c106070
_d106070